[Event "Mumbai Wealth op 4th"]
[Site "Mumbai"]
[Date "2019.01.02"]
[Round "4"]
[White "Dhungel, Uttam"]
[Black "Bhasima, Prashan"]
[Result "1/2-1/2"]
[WhiteElo "1587"]
[BlackElo "1658"]
[PlyCount "86"]
[EventDate "2018.12.30"]
[EventType "swiss"]
[EventRounds "9"]
[EventCountry "IND"]
[SourceTitle "CBM 188 Extra"]
[Source "ChessBase"]
[SourceDate "2019.02.26"]
[SourceVersion "1"]
[SourceVersionDate "2019.02.26"]
[SourceQuality "1"]

1. e4 e6 2. d4 d5 3. e5 c5 4. Nf3 Nc6 5. c3 c4 6. Be2 Nge7 7. 0-0 a5 8. Be3 a4 9. a3 Ng6 10. Nbd2 Be7 11. Ne1 Bg5 12. Bxg5 Qxg5 13. g3 b5 14. f4 Qe7 15. Nc2 Na5 16. Nb4 Bd7 17. Qe1 Qf8 18. Bd1 Ne7 19. Bc2 g6 20. h4 Nec6 21. Nxc6 Bxc6 22. Qf2 f5 23. Kh2 h5 24. Rae1 0-0-0 25. Bd1 Kc7 26. Bf3 Bd7 27. Re2 Re8 28. Rfe1 Qe7 29. Qg2 Qf8 30. Kg1 Qe7 31. Kh2 Qf8 32. Qh1 Bc6 33. Qg2 Qe7 34. Kh1 Rd8 35. Kh2 Qf8 36. Re3 Qe7 37. R1e2 Kb6 38. Kg1 Bb7 39. Kh2 Bc6 40. Rf2 Bb7 41. Ree2 Bc6 42. Kh1 Bb7 43. Kh2 Bc6 1/2-1/2

[Event "Mumbai Wealth op 4th"]
[Site "Mumbai"]
[Date "2018.12.31"]
[Round "2"]
[White "Dhungel, Uttam"]
[Black "Thrish, Karthik"]
[Result "0-1"]
[WhiteElo "1587"]
[BlackElo "2168"]
[PlyCount "183"]
[EventDate "2018.12.30"]
[EventType "swiss"]
[EventRounds "9"]
[EventCountry "IND"]
[SourceTitle "CBM 188 Extra"]
[Source "ChessBase"]
[SourceDate "2019.02.26"]
[SourceVersion "1"]
[SourceVersionDate "2019.02.26"]
[SourceQuality "1"]

1. d4 d5 2. c4 dxc4 3. Nc3 c6 4. e3 e5 5. Bxc4 exd4 6. exd4 Nf6 7. Nf3 Bd6 8. 0-0 0-0 9. Bg5 h6 10. Bh4 Bf5 11. Re1 Nbd7 12. d5 Nb6 13. Bb3 cxd5 14. Nd4 Bg6 15. Qf3 Bb4 16. Re3 Bxc3 17. Rxc3 Be4 18. Bxf6 Qxf6 19. Qxf6 gxf6 20. Rac1 Rfd8 21. Rc7 Rab8 22. f3 Bd3 23. Re1 Re8 24. Rxe8+ Rxe8 25. Rxb7 Re1+ 26. Kf2 Rb1 27. Ke3 Bg6 28. Rxa7 Rxb2 29. g3 Rxh2 30. a4 Nc4+ 31. Kf4 Rd2 32. Nf5 Bxf5 33. Kxf5 Rd3 34. Bxc4 dxc4 35. Ke4 Ra3 36. g4 c3 37. f4 c2 38. Rc7 Rxa4+ 39. Kf5 Ra5+ 40. Ke4 Ra2 41. Rc8+ Kg7 42. f5 Ra4+ 43. Kf3 Ra3+ 44. Kf4 Ra2 45. Kf3 Rb2 46. Kf4 Ra2 47. Kf3 h5 48. gxh5 Kh6 49. Kg4 Ra4+ 50. Kf3 Kxh5 51. Rxc2 Kg5 52. Rc7 Kxf5 53. Rxf7 Ra3+ 54. Kf2 Kg5 55. Rb7 f5 56. Rb4 Ra2+ 57. Kf3 Ra1 58. Kf2 Ra3 59. Kg2 Re3 60. Kf2 Re5 61. Ra4 f4 62. Ra3 Rb5 63. Kf3 Rc5 64. Rb3 Re5 65. Ra3 Rc5 66. Rb3 Ra5 67. Rc3 Kf5 68. Rb3 Ke5 69. Rd3 Ra1 70. Rb3 Rf1+ 71. Ke2 Rh1 72. Rb4 Kf5 73. Kf3 Rh3+ 74. Kf2 Ra3 75. Rc4 Kg4 76. Rc8 Ra2+ 77. Kf1 Kg3 78. Rg8+ Kf3 79. Kg1 Ra1+ 80. Kh2 Kf2 81. Rg2+ Ke3 82. Rb2 Re1 83. Rb3+ Kf2 84. Ra3 f3 85. Ra2+ Re2 86. Ra1 Re3 87. Ra2+ Kf1 88. Ra1+ Re1 89. Ra8 f2 90. Ra7 Ke2 91. Ra2+ Kf1 92. Ra1 0-1

[Event "Kathmandu op"]
[Site "Kathmandu"]
[Date "2018.04.14"]
[Round "3"]
[White "Tamang, Thendup"]
[Black "Dhungel, Uttam"]
[Result "1-0"]
[WhiteElo "1953"]
[BlackElo "1610"]
[PlyCount "61"]
[EventDate "2018.04.13"]
[EventType "swiss"]
[EventRounds "9"]
[EventCountry "NEP"]
[SourceTitle "CBM 183 Extra"]
[Source "ChessBase"]
[SourceDate "2018.04.19"]
[SourceVersion "1"]
[SourceVersionDate "2018.04.19"]
[SourceQuality "1"]

1. e4 c5 2. c3 d5 3. exd5 Qxd5 4. d4 Nc6 5. Nf3 Bg4 6. Be2 e6 7. 0-0 Nf6 8. Be3 Rd8 9. dxc5 Bxc5 10. Qxd5 Rxd5 11. c4 Rf5 12. Bxc5 Rxc5 13. Nbd2 Ke7 14. a3 Nb8 15. b4 Rc7 16. h3 Bh5 17. Rac1 Rd8 18. Rfd1 Rcd7 19. Nb3 Nc6 20. Rxd7+ Rxd7 21. g4 Bg6 22. b5 Nb8 23. Ne5 Rd8 24. Na5 Rd2 25. Bf3 b6 26. Nac6+ Nxc6 27. Nxc6+ Kd6 28. c5+ Kc7 29. Nxa7 Bc2 30. Nc6 bxc5 31. Ne5 1-0